Giải quyết tranh chấp thương mại quốc tế bằng con đường toà án

Nội dung giáo trình nghiên cứu tìm hiểu về hoạt động giải quyết tranh chấp thương mại quốc tế, từ đó đề ra các phương hướng và giải pháp hoàn thiện pháp luật về giải quyết tranh chấp thương mại quốc tế của Việt Nam....

Deskribapen osoa

Gorde:
Xehetasun bibliografikoak
Egile nagusia: Nguyễn, Vũ Hoàng
Formatua: Liburua
Hizkuntza:Undetermined
Argitaratua: Tp. Hồ Chí Minh Thanh Niên 2004
Gaiak:
Etiketak: Etiketa erantsi
Etiketarik gabe, Izan zaitez lehena erregistro honi etiketa jartzen!
Thư viện lưu trữ: Trung tâm Học liệu Trường Đại học Cần Thơ
LEADER 01032nam a2200217Ia 4500
001 CTU_94268
008 210402s9999 xx 000 0 und d
020 |c 32500 
082 |a 343.08 
082 |b H407 
100 |a Nguyễn, Vũ Hoàng 
245 0 |a Giải quyết tranh chấp thương mại quốc tế bằng con đường toà án 
245 0 |c Nguyễn Vũ Hoàng 
260 |a Tp. Hồ Chí Minh 
260 |b Thanh Niên 
260 |c 2004 
520 |a Nội dung giáo trình nghiên cứu tìm hiểu về hoạt động giải quyết tranh chấp thương mại quốc tế, từ đó đề ra các phương hướng và giải pháp hoàn thiện pháp luật về giải quyết tranh chấp thương mại quốc tế của Việt Nam. 
650 |a Foreign trade regulation,Economics,International trade 
650 |x Law and legislation 
904 |i Mai Loan 
980 |a Trung tâm Học liệu Trường Đại học Cần Thơ